[Event "Moravia-ch3 corr9496"]
[Site "Czech Republic"]
[Date "1994.??.??"]
[Round "?"]
[White "Halouzka, Jiri"]
[Black "Sychra, Jozef"]
[Result "1-0"]
[WhiteElo "2155"]
[BlackElo "2105"]
[PlyCount "43"]
[EventDate "1994.??.??"]
[EventType "tourn (corr)"]
[EventRounds "12"]
[EventCountry "CZE"]
[SourceTitle "Corr 2002"]
[Source "ChessBase"]
[SourceDate "2002.05.23"]
[SourceVersion "1"]
[SourceVersionDate "2002.05.23"]
[SourceQuality "1"]

1. d4 Nf6 2. c4 g6 3. Nc3 Bg7 4. e4 d6 5. f3 0-0 6. Be3 e5 7. d5 Nbd7 8. Qd2 Ne8 9. Bd3 b6 10. Nge2 Nc5 11. Bc2 f5 12. b4 Nb7 13. 0-0 f4 14. Bf2 g5 15. Kh1 h5 16. Ng1 Nf6 17. a3 Bd7 18. Bb3 Qe8 19. Rfc1 Kh8 20. Qc2 c6 21. dxc6 Bxc6 22. Qd3 1-0

[Event "Moravia-ch3 corr9496"]
[Site "Czech Republic"]
[Date "1994.??.??"]
[Round "?"]
[White "Mejzlik, Zdenek"]
[Black "Sychra, Jozef"]
[Result "1-0"]
[WhiteElo "2100"]
[BlackElo "2105"]
[PlyCount "39"]
[EventDate "1994.??.??"]
[EventType "tourn (corr)"]
[EventRounds "12"]
[EventCountry "CZE"]
[SourceTitle "Corr 2002"]
[Source "ChessBase"]
[SourceDate "2002.05.23"]
[SourceVersion "1"]
[SourceVersionDate "2002.05.23"]
[SourceQuality "1"]

1. d4 Nf6 2. c4 g6 3. Nc3 Bg7 4. e4 d6 5. f3 0-0 6. Be3 e5 7. Nge2 Nc6 8. Qd2 Bd7 9. d5 Ne7 10. 0-0-0 a6 11. Kb1 b5 12. Nc1 Rb8 13. g4 h5 14. h3 Kh7 15. Bd3 bxc4 16. Bxc4 Rb4 17. Bxa6 Qa8 18. Nd3 Rbb8 19. Bc4 c6 20. dxc6 1-0